000
00329nam a2200145Ia 4500
008
230718s9999 xx 000 0 und d
041
_a
Eng.
082
_a
361.65
_b
EDE-2
100
_a
Ede, Martin Mease
245
0
_a
24 Hour Saty
260
_a
Pakistan
_b
Sweet ad Mon
_c
1993
300
_a
245
650
_a
Law
999
_c
26734
_d
26734